000 00813nam a2200229 a 4500
001 56347
003 BD-RjUL
005 20211209080402.0
008 161128s1973 ii ||||| |||| 00| 0 ben d
020 _c: IRs 7.00
035 _a(BD-RjUL)56471
040 _aBD-RjUL
_bben
_cBD-RjUL
041 _aben
082 _223
_a891.441
_bSAA 1973
100 _aসরকার, অরুণকুমার
_9167655
245 1 0 _aঅরুণকুমার সরকারের শ্রেষ্ঠ কবিতা /
_cঅরুণকুমার সরকার
260 _aকলিকাতা :
_bভারবি,
_c১৯৭৩
300 _a১৩৬ পৃ. ;
_c২১ সেমি .
650 _aবাংলা কবিতা
_9167656
650 _aBengali Poetry
_9167657
942 _2ddc
_cBK
999 _c56347
_d56347